LEAN HOSPITALS IMPROVING QUALITY PATIENT (Record no. 14369)

MARC details
000 -LEADER
fixed length control field 00345nam a2200133Ia 4500
008 - FIXED-LENGTH DATA ELEMENTS--GENERAL INFORMATION
fixed length control field 240624s9999 xx 000 0 und d
041 ## - LANGUAGE CODE
Language code of text/sound track or separate title eng
082 ## - DEWEY DECIMAL CLASSIFICATION NUMBER
Classification number 362.11068 GRA
100 ## - MAIN ENTRY--PERSONAL NAME
Personal name GRABAN MARK
245 ## - TITLE STATEMENT
Title LEAN HOSPITALS IMPROVING QUALITY PATIENT
260 ## - PUBLICATION, DISTRIBUTION, ETC.
Date of publication, distribution, etc. 2008
Place of publication, distribution, etc. Boca Raton
Name of publisher, distributor, etc. Productivity Press
300 ## - PHYSICAL DESCRIPTION
Extent 280 : p.
365 ## - TRADE PRICE
Currency code BPS
Price amount 30
Holdings
Withdrawn status Lost status Damaged status Not for loan Home library Current library Shelving location Date acquired Source of acquisition Cost, normal purchase price Total Holds Full call number Barcode Date last seen Copy number Price effective from Koha item type
        IMTN IMTN Rack 15-A 02/10/2010 BWE 28.99 7955 362.11068 GRA 14369 06/24/2024 78.7 06/24/2024 Books
Designed & Maintained by: LRC IMT Nagpur Contact: lrc@imtnag.ac.in© 2024. All Rights Reserved.